000 00699nam a2200217Ia 4500
001 14072
003 GE_BSU
008 181216s||||||||xx |||||||||||||| ||und||
040 _cGE_BSU
080 _a661.2(075)
100 _aДыбина,П.В. Соловьева,А.С. Вишняк,Ю.И.
245 _aРасчеты по технологии неорганических веществ.
245 _cРед. Н.Д.Стуковнин.
260 _aМ.
260 _bВысшая школа.
260 _c1967.
300 _a522 стр. 20 см.
300 _e20 табл.
653 _aРасчеты по технологии неорганических веществ.
942 _cBK
999 _c47212
_d47212